Responses for Show #2259 - Thursday, June 2, 1994

Contestants

[<< previous game]

Cris Zeak, a substitute teacher from Point Pleasant, New Jersey

Paul Anton, an economist from St. Paul, Minnesota

John Szczepanski, a freelance painter from Buffalo, New York (whose 1-day cash winnings total $15,500)

[next game >>]

Jeopardy! Round responses

NEW YORK CITY
BIBLICAL NAMES
HISTORIC DOCUMENTS
TRIOS
REALLY "BIG"
SHOES
    $100 3
newspapers

Paul
    $100 2
Gomer (Pyle)

Paul
    $100 10
Napoleon

John
    $100 1
reading, writing & arithmetic

Cris
    $100 4
the big stick

Cris
    $100 20
Cinderella

John
    $200 15
Central Park

Paul
    $200 5
Matthew Broderick

John
    $200 11
Canada

Paul
    $200 6
friends, Romans & countrymen

Cris
    $200 25
Big Daddy

Paul
    $500 21
Get Smart

John
    $300 17
the Rockettes

Cris
    $300 7
Esther Rolle

Cris
    $300 12
birth control

Cris
    $300 16
swimming

Cris
    $300 26
the Big Muddy

John
    $300 22
Nike

John
    $400 18
an aircraft carrier

Cris
    $400 8
Ezra Pound

Cris
    $400 13
Lutheran

Cris
    $400 29
Ford, Chrysler & General Motors

John
    $400 27
"Big Girls Don't Cry"

John
    $400 23
(John: Who is Ronald Reagan?)

Bill Clinton

JohnPaul
    $500 19
the Lincoln Center

Cris
    $500 9
Andrew

Cris
    $500 14
the Marquess of Queensbury

Cris
    $500 30
(Cris: Who is D'Artagnan?)

Aramis

JohnCris
    $500 28
Big Bend Park

Cris
    $500 24
Buster Brown

John

Scores at the first commercial break (after clue 15):

John Paul Cris
$300 $600 $2,800

Scores at the end of the Jeopardy! Round:

John Paul Cris
$2,900 $1,200 $4,300

Double Jeopardy! Round responses

EXPLORERS
COLLEGES & UNIVERSITIES
SCIENTIFIC CYCLES
BALLET
BRIDGES
NONFICTION
    $200 13
Capt. Bligh

John
    $200 4
(Cris: What is the earthquake?)
(Alex: Be more specific.)

the San Francisco earthquake

Cris
    $200 1
(Paul: What are the cycles of [*]?)

the Moon

Paul
    $200 3
The Hunchback of Notre Dame

John
    $200 18
A drawbridge

Paul
    $200 26
J. Edgar Hoover

Cris
    $400 14
(John: Who is Leif Erikson?)

Erik the Red

JohnCris
    $400 8
the University of Nevada

Cris
    $400 2
gravity

Cris
    $400 5
Lizzie Borden

Cris
    $400 22
the Golden Gate Bridge

John
    $400 27
Tennis

Cris
    $600 15
Cortes

Cris
    $600 10
Washington, D.C.

John
    $600 19
non-REM sleep

Paul
    $600 6
On the Town

Cris
    $600 23
the St. Lawrence River

John
    $600 28
Clarence Darrow

Cris
    $800 16
Captain Scott

John
    $800 11
the University of Michigan

Cris
    $1,200 20
(Paul: What are electrical storms?)

sunspots

Paul
    $800 7
Agnes de Mille

John
    $800 24
(Cris: What is Biscayne Bay?)

Tampa Bay

JohnCris
    $800 29
Weigh Less

Paul
    $1000 17
(Cris: Who is Stanley?)

Sir Richard Burton

JohnCris
    $1000 12
(Paul: What is Cornell?)

Dartmouth

JohnPaul
    $1000 21
(Paul: What are diurnal cycles?)

circadian cycles

Paul
Triple Stumper
    $1000 9
(John: Who is Nijinsky?)

Sergei Diaghilev

JohnCris
    $1000 25
Portugal

Cris
    $1,000 30
Bill Moyers

Paul

Scores at the end of the Double Jeopardy! Round:

John Paul Cris
$7,900 $800 $9,500

[wagering suggestions for these scores]

Final Jeopardy! Round responses

BUSINESS & INDUSTRY
(Alex: You were sort of heading in the right direction. But if you guys had thought of the Keystone Cops, perhaps you would have come up with the name
[*]. [*].)
PaulWho is Andrew Carne
$700
JohnWho is Kresge?
$7,900
CrisWho is George Eastman
$6,500
Mack Sennett

Final scores:

John Paul Cris
$0 $100 $3,000
3rd place: Citizen Supermatrix portable LCD color TV and video monitor 2nd place: trip to Puerto Vallarta, Mexico New champion: $3,000

Game dynamics:

Coryat scores:

John Paul Cris
$7,600 $2,000 $9,500
20 R
(including 1 DD),
3 W
11 R
(including 1 DD),
3 W
(including 1 DD)
27 R,
3 W

Combined Coryat: $19,100

[game clues] [game scores] [suggest correction]

Game tape date: 1994-02-01
The J! Archive is created by fans, for fans. Scraping, republication, monetization, and malicious use prohibited; this site may use cookies and collect identifying information. See terms. The Jeopardy! game show and all elements thereof, including but not limited to copyright and trademark thereto, are the property of Jeopardy Productions, Inc. and are protected under law. This website is not affiliated with, sponsored by, or operated by Jeopardy Productions, Inc. Join the discussion at JBoard.tv.